Countries that Recognized South Vietnam - Statistics

General Stats
  • This quiz has been taken 13 times
  • The average score is 57 of 94
Answer Stats
Answer % Correct
United States
100%
France
90%
Japan
90%
Malaysia
90%
South Korea
90%
West Germany
90%
Australia
80%
Austria
80%
Cambodia
80%
India
80%
Laos
80%
Philippines
80%
Singapore
80%
Taiwan
80%
Thailand
80%
United Kingdom
80%
Belgium
70%
Canada
70%
Chad
70%
Chile
70%
Indonesia
70%
Ireland
70%
Israel
70%
Italy
70%
Netherlands
70%
New Zealand
70%
Portugal
70%
Saudi Arabia
70%
Spain
70%
Switzerland
70%
Turkey
70%
Uruguay
70%
Venezuela
70%
Argentina
60%
Bolivia
60%
Brazil
60%
Colombia
60%
Denmark
60%
Ecuador
60%
Ethiopia
60%
Honduras
60%
Iceland
60%
Iran
60%
Jamaica
60%
Jordan
60%
Luxembourg
60%
Mexico
60%
Nepal
60%
Nicaragua
60%
Niger
60%
Nigeria
60%
Norway
60%
Paraguay
60%
Peru
60%
South Africa
60%
Swaziland
60%
Sweden
60%
Togo
60%
Western Samoa
60%
Zaire
60%
Bahrain
50%
Burma
50%
Costa Rica
50%
Liberia
50%
Dominican Republic
50%
El Salvador
50%
Gambia
50%
Ghana
50%
Greece
50%
Guatemala
50%
Haiti
50%
Kenya
50%
Lebanon
50%
Lesotho
50%
Panama
50%
San Marino
50%
Sierra Leone
50%
Tonga
50%
Tunisia
50%
Cyprus
40%
Fiji
40%
Grenada
40%
Guyana
40%
Kuwait
40%
Malawi
40%
Monaco
40%
Morocco
40%
Qatar
40%
Trinidad and Tobago
40%
Upper Volta
40%
Botswana
30%
Central African Republic
30%
Ivory Coast
30%
Rwanda
30%
No matching quizzes found
Score Distribution
Percent of People with Each Score
Percentile by Number Answered
Your Score History
You have not taken this quiz